| 000 | 00816 a2200253 4500 | ||
|---|---|---|---|
| 999 |
_c200046165 _d34206 |
||
| 001 | 200046165 | ||
| 003 | TR-AnTOB | ||
| 005 | 20190731110928.0 | ||
| 008 | 160509b20069999tu fr0p 0 0 | ||
| 022 | _a1306-6757 | ||
| 040 |
_aBGZA _bTürkçe _dTR-AnTOB _cTR-AnTOB |
||
| 041 | 0 |
_atur _beng |
|
| 050 | 0 | 0 |
_aHD6350 _b.T57 |
| 099 | _aJOURNAL - TİSK | ||
| 245 | 0 | 0 |
_aTİSK Akademi / _cTürkiye İşveren Sendikaları Konfederasyonu. |
| 260 |
_aAnkara: _bTürkiye İşveren Sendikaları Konfederasyonu, _c2006- |
||
| 300 |
_av.: _bill., tabl. _c26 cm. |
||
| 310 | _aYılda iki kez. | ||
| 650 |
_aEkonomi _zTürkiye _vSüreli Yayınlar _959444 |
||
| 650 |
_aGençlik _xİstihdam _zTürkiye _vSüreli yayınlar _986075 |
||
| 650 |
_aİşsizlik _zTürkiye _vSüreli yayınlar _986074 |
||
| 942 |
_cCR _2lcc |
||